000 00455nam a2200193Ia 4500
003 0100
008 130227s9999 xx 000 0 und d
040 _cARRUPELIB
050 _aB1297.C29 1994
245 4 _aThe cambridge companion to Locke
260 _aCambridge
260 _bUniversity Press
260 _C1994
300 _ax
300 _b 329p. 24cm.
440 _aCambridge companions
700 _aChappell, Vere ed.
942 _2lcc
_02
999 _c5236
_d5236